| 000 | 02380nab a2200265 i 4500 | ||
|---|---|---|---|
| 003 | MX-MxUPN | ||
| 005 | 20260108153655.0 | ||
| 007 | cr a | ||
| 008 | 260108s2021 ag||||||o|||| 00| spa d | ||
| 040 |
_aMX-MxUPN _bspa _cMX-MxUPN |
||
| 041 | 0 | _aspa | |
| 100 | 1 |
_aSantamarina, María Dolores _958581 |
|
| 245 | 1 | 0 |
_aDel otro lado de la circunvalación : _bprácticas de enseñanza de la filosofía en escuelas periféricas de la ciudad de Córdoba _h[recurso electrónico en línea] |
| 506 | 0 | _aAcceso abierto. | |
| 520 | 3 | _aEste artículo sintetiza una investigación exploratoria acerca de la enseñanza de la filosofía en las periferias de la ciudad de Córdoba. Aborda la práctica de la enseñanza con relación a la dimensión estructural y subjetiva. Entiende que la acción de enseñar se desarrolla en un espacio social donde los actores se distribuyen según capitales diversos en función de los cuales se hallan en posiciones dominantes o dominadas. En el acto de enseñar y aprender éstos operan según disposiciones o sentidos prácticos incorporados (habitus) en función de los cuales establecen preferencias, hablan y actúan. Desde este encuadre se problematiza la enseñanza de la filosofía en cuanto un saber producido y reproducido en el espacio académico. Este “microcosmos”-donde reciben su formación disciplinar muchos profesores en ejercicio- se encuentra relativamente autónomo y alejado de “las coerciones económicas” (Bourdieu, 1999). ¿Cuáles son las acciones de enseñanza llevadas a cabo por los docentes de formación universitaria dentro de escuelas con poblaciones sociales dominadas?, ¿Cómo resignifican su trayectoria?, ¿Qué sentido dan a su práctica?, ¿Cómo justifican su enseñanza? Para la investigación se entrevistaron egresadxs de la Universidad Nacional de Córdoba, docentes de escuelas públicas ubicadas en las afueras de la ciudad de Córdoba, en barrios de “segregación residencial socioeconómica” (Tecco y Valdés, 2010). | |
| 650 | 4 |
_aFilosofía _95327 |
|
| 650 | 4 |
_aEnseñanza _96215 |
|
| 653 | 0 | _aPosición social | |
| 653 | 0 | _aUniversidad | |
| 653 | 0 | _aEscuela | |
| 773 |
_gVol. 19, no. 19 (2021), p. 1-28 _tEducación, lenguaje y sociedad _x2545-7667 |
||
| 856 | 4 | 0 | _uhttps://cerac.unlpam.edu.ar/index.php/els/article/view/6849 |
| 902 | _aVíctor Ruiz/080126 | ||
| 942 |
_2lcc _cART-E |
||
| 999 |
_c214523 _d214523 |
||